Αιανή : αρχαιολογικοί χώροι και μουσείο - αρχαιολογικός οδηγός

Αποθηκεύτηκε σε:
Λεπτομέρειες βιβλιογραφικής εγγραφής
Κύριος συγγραφέας: Καραμήτρου-Μεντεσίδη, Γεωργία
Συγγραφή απο Οργανισμό/Αρχή: Ελλάς Υπουργείο Πολιτισμού Λ' Εφορεία Προϊστορικών και Κλασικών Αρχαιοτήτωv
Μορφή: Βιβλίο
Γλώσσα:Greek
Δημοσίευση: [Κοζάνη] : Αρχαιολογικό Μουσείο Αιανής, [c2008]
Θέματα:
Ετικέτες: Προσθήκη ετικέτας
Δεν υπάρχουν, Καταχωρήστε ετικέτα πρώτοι!

MARC

LEADER 00000cam a2200000 i 4500
001 1/3794
008 100128s2008 gre d
020 |a 978-960-214-798-6 
035 |l 10106503 
040 |a GR-MY-UA  |b gre  |e aacr 
041 0 |a gre 
082 0 |a 938.21 
100 1 |a Καραμήτρου-Μεντεσίδη, Γεωργία. 
245 1 0 |a Αιανή :  |b αρχαιολογικοί χώροι και μουσείο - αρχαιολογικός οδηγός /  |c Γεωργία Καραμήτρου - Μεντεσίδη ; Υπουργείο Πολιτισμού - Λ' Εφορεία Προϊστορικών και Κλασικών Αρχαιοτήτων 
260 |a [Κοζάνη] :   |b Αρχαιολογικό Μουσείο Αιανής,   |c [c2008] 
300 |a 165 σ.;  |b έγχρ. εικ.;  |c 30 εκ. 
504 |a Βιβλιογραφία: σ. 163-165 
650 0 |a Archaeological museums and collections  |z Greece  |z Kaliane (Extinct city) 
650 0 |a Excavations (Archaeology)  |z Greece  |z Kaliane (Extinct city) 
651 0 |a Kaliane (Extinct city)  |x Antiquities. 
651 0 |a Kozane (Greece : Nome)  |x History. 
710 1 |a Ελλάς  |b Υπουργείο Πολιτισμού  |b Λ' Εφορεία Προϊστορικών και Κλασικών Αρχαιοτήτωv. 
852 |a INST  |b RHODES  |e 20100128  |h 938.21 ΚΑΡ  |p 005400032301  |q 005400032301  |t BK  |y 0 
901 |a BIBL4-2010-1 
920 |a ΥΠΟΥΡΓΕΙΟ ΠΟΛΙΤΙΣΜΟΥ  |b Λ' ΕΦΟΡΕΙΑ ΠΡΟΪΣΤΟΡΙΚΩΝ ΚΑΙ ΚΛΑΣΙΚΩΝ ΑΡΧΑΙΟΤΗΤΩΝ  |y ΡΟΔΟΣ  |z 2009-12 
970 |a ΚΟΖΑ  |b ΜΑΡΙΑ  |z 2010/01/28